000 01139nam a22002657a 4500
005 20170124103114.0
010 _aA-959476
020 _c150.00
035 _aA-959476
037 _bCen Lib/Ret
040 _aDPL
_bHN
082 _a
_bचढढाध
100 _aचढढा, धर्मवीर
_980244
245 _aदान दहेज /
_cधर्मवीर चढढा;संपादक उषा चढढा
246 _aDaan dahej /
_bby Dharamveer Chaddha;sampadak Usha Chaddha
260 _aदिल्ली
_bआधुनिक प्रकाशन
_c1998
270 _a4-B/6, गुरुद्वारा मोहल्ला, पूरी गली नं. 7, मौजपुर
_bदिल्ली
_e110053
300 _a152पृ.
_c21सेमी(सजिल्द )
650 _aसाहित्य--कहानियां
_x
_z
_980245
650 _aहिंदी कहानियां
_92082
650 _a Literature--Stories
_v
_980246
650 _aHindi Stories
_980247
700 _aचढढा, उषा
_980248
942 _2ddc
_cHN
_h
_mचढढाध
999 _c118456
_d118456